00857 2200205 4500001002100000005001500021008004100036020001500077035001900092041000800111082001200119084001800131100001900149245004200168250001400210260003300224300003500257520032500292650003400617INLIS00000000000697120200508203758200508||||||||| | ||| |||| ||ind|| a9795230212 0010-0520006971 aind0 a495.603 a495.603/TAN/K0 aGoro Taniguchi00aKamus Standar Bahasa Indonesia-Jepang aCet ke-11 aJakartabSinar Grafikac2008 axxxii, 877 p. ; 22 cm.c22 cm. aKamus ini memuat sekitar 80.000 kata, lengkap dengan huruf latin dan huruf kanji. Penyusunannya dibuat sedemikian rupa sehingga untuk mencari kata yang diinginkan gampang ditemukan dengan segera.Selain itu keterangannya juga sangat akurat dan terperinci. Kamus ini telah mendapat lisensi untuk diterbitkan dan diedarkan. 0aBahasa Indonesia-Kamus-Jepang